Regional report (Record no. 80911)

MARC details
000 -LEADER
fixed length control field 00870cab a22001935a 4500
001 - CONTROL NUMBER
control field L145636
008 - FIXED-LENGTH DATA ELEMENTS--GENERAL INFORMATION
fixed length control field 081028e20081024xxkaod f s 000 0 eng d
035 ## - SYSTEM CONTROL NUMBER
System control number (Sirsi) u145636
041 0# - LANGUAGE CODE
Language code of text/sound track or separate title eng
100 1# - MAIN ENTRY--PERSONAL NAME
Personal name Shah, Aditi
245 00 - TITLE STATEMENT
Title Regional report
Remainder of title Thames Valley
260 ## - PUBLICATION, DISTRIBUTION, ETC.
Date of publication, distribution, etc. 2008
490 ## - SERIES STATEMENT
Series statement Property Week
Volume/sequential designation 73(43) 24 October 2008, 89-100(8)
520 ## - SUMMARY, ETC.
Summary, etc. Reports on the news and deals from the region. Reports on changes in the political landscape in Reading and the implications for the property sector. Suggests that the withdrawal of Berkeley Homes from a £400m regeneration project may affect other schemes in Slough. Considers how an offer of surplus office space at a discount will affect rents on nearby properties.
590 ## - LOCAL NOTE (RLIN)
Local note KA
651 #4 - SUBJECT ADDED ENTRY--GEOGRAPHIC NAME
Geographic name Thames Valley
690 ## - LOCAL SUBJECT ADDED ENTRY--TOPICAL TERM (OCLC, RLIN)
Topical term or geographic name as entry element PROPERTY-COMMERCIAL PROPERTY-COMMERCIAL PROPERTY DEVELOPMENT
942 ## - ADDED ENTRY ELEMENTS (KOHA)
Suppress in OPAC 0
Holdings
Withdrawn status Lost status Source of classification or shelving scheme Damaged status Not for loan Home library Current library Shelving location Date acquired Total Checkouts Full call number Barcode Date last seen Copy number Price effective from Koha item type
    Dewey Decimal Classification     London London Journal article 28/10/2008   L145636 145636-1001 06/08/2019 1 06/08/2019 Journal article